000 01470cam a2200409 i 4500
003 EG-GICUC
005 20260224114944.0
008 080117s2008 enk frb 001 0 eng d
015 _aGBA799192
_2bnb
016 7 _a014463811
_2Uk
020 _a9780199282302
_qcloth : alk. paper
020 _a0199282307
_qcloth : alk. paper
040 _aDLC
_cDLC
_dUKM
_dBWKUK
_dYDXCP
_dBAKER
_dBWK
_dBTCTA
_dDLC
_dEG-GICUC
_beng
_erda
043 _ae-uk---
_ae------
050 0 0 _aKD681.J87
_bB75 2008
082 0 0 _a341.84
_221
092 0 4 _221
099 _aLaw 12 2008
100 1 _aBriggs, Adrian.
245 1 0 _aAgreements on jurisdiction and choice of law /
_cAdrian Briggs.
264 _aOxford ;
_aNew York :
_bOxford University Press,
_c2008.
300 _axlix, 572 pages ;
_c24 cm.
336 _atext
_2rdacontent
337 _aComputer
_2rdamedia
338 _aOnline Resource
_2rdacarrier
440 0 _aOxford private international law series
504 _aIncludes bibliographical references and index.
650 0 _aConflict of laws
_xJurisdiction
_zGreat Britain.
650 0 _aCommon law
_zGreat Britain.
650 0 _aConflict of laws
_xJurisdiction
_zEuropean Union countries.
650 0 _aJudgments, Foreign.
650 0 _aJudicial assistance.
856 4 1 _uhttps://fll.law.cu.edu.eg/fulltext/bks/ENGB12-00110.pdf
856 4 1 _3Table of contents only
_uhttp://www.loc.gov/catdir/toc/ecip088/2008002482.html
905 _a10
942 _2ddc
_cBK
_e21
_n0
999 _c64111
_d64111